Statistics for Footballers by Career - Fiorentina

Click here to take the quiz!

General Stats

  • This quiz has been taken 37 times
  • The average score is 5 of 10

Answer Stats

Player% Correct
Gabriel Batistuta
97%
Stefan Savić
83%
Rui Costa
72%
Stevan Jovetić
72%
Adrian Mutu
67%
Alberto Aquilani
39%
Sébastien Frey
39%
Alberto Gilardino
33%
Juan Manuel Vargas
25%
Angelo Di Livio
11%

Score Distribution

Percentile by Number Answered

Percent of People with Each Score

Your Score History

You have not taken this quiz